Ulice Jedlicza - Statystyki

Ogólne statystyki
  • Ten quiz został rozwiązany 14 razy
  • Średni wynik to 15 z 48
Statystyki odpowiedzi
Ulica % Poprawnych
Adama Mickiewicza
75%
Tadeusza Rejtana
75%
3 Maja
63%
Rynek
63%
1000 lecia
50%
Dr F. i Z. Tokarskich
50%
Grabiny
50%
Armii Krajowej
38%
Brzozowa
38%
Cicha
38%
Cmentarna
38%
Doktora Michała Drozdowicza
38%
Górna Kolonia
38%
Henryka Sienkiewicza
38%
Kapitana Stanisława Betleja
38%
Kolejowa
38%
Obrońców Westerplatte
38%
Ogrodowa
38%
Polna
38%
Wierzbowa
38%
Wincentego Manierskiego
38%
Władysława Sikorskiego
38%
Generała Tadeusza Kościuszki
25%
Grunwaldzka
25%
Ignacego Łukasiewicza
25%
Jesionowa
25%
Juliusza Słowackiego
25%
Marii Konopnickiej
25%
Mikołaja Reja
25%
Nad Skarpą
25%
Naftowa
25%
Obrońców Wolności
25%
Podlas
25%
Profesora Stanisława Pilata
25%
Romualda Traugutta
25%
Tytusa Trzecieskiego
25%
Władysława Dubisa
25%
Zielona
25%
Zygmunta Krasińskiego
25%
Maurycego Kurkowskiego
13%
Partyzantów
13%
Stanisława i Władysława Janochów
13%
Stanisława Konarskiego
13%
Stefana Żeromskiego
13%
Stokrotki
13%
Topolowa
13%
Wałowa
13%
Zofii i Waleriana Stawiarskich
13%
Nie znaleziono quizów pasujących do podanych kryteriów
Rozkład punktacji
Procent ludzi z każdym wynikiem
Percentyl według liczby udzielonych odpowiedzi
Twoja historia wyników
Nie rozwiązałeś tego quizu